[Event "Icelandic Team Championship 2021"]
[Site "Reykjavik"]
[Date "2021.10.01"]
[Round "2.17"]
[White "Kjartansson, Gudmundur"]
[Black "Hjartarson, Johann"]
[Result "1-0"]
[WhiteElo "2447"]
[BlackElo "2519"]

1. d4 {[%clk 01:30:55]} {[%emt 00:00:03]} Nf6 {[%clk 01:30:51]} {[%emt
00:00:09]} 2. Nf3 {[%clk 01:31:11]} {[%emt 00:00:14]} g6 {[%clk 01:30:59]}
{[%emt 00:00:22]} 3. c4 {[%clk 01:31:30]} {[%emt 00:00:12]} Bg7 {[%clk
01:31:22]} {[%emt 00:00:06]} 4. g3 {[%clk 01:31:42]} {[%emt 00:00:18]} d5
{[%clk 01:29:48]} {[%emt 00:02:04]} 5. Bg2 {[%clk 01:31:07]} {[%emt 00:01:05]}
c6 {[%clk 01:25:34]} {[%emt 00:04:44]} 6. O-O {[%clk 01:30:45]} {[%emt
00:00:52]} O-O {[%clk 01:25:59]} {[%emt 00:00:06]} 7. b3 {[%clk 01:28:54]}
{[%emt 00:02:20]} Na6 {[%clk 01:25:20]} {[%emt 00:01:09]} 8. Bb2 {[%clk
01:24:11]} {[%emt 00:05:13]} Bf5 {[%clk 01:22:57]} {[%emt 00:02:52]} 9. Nc3
{[%clk 01:21:39]} {[%emt 00:03:03]} Ne4 {[%clk 01:23:06]} {[%emt 00:00:21]} 10.
Nh4 {[%clk 01:18:40]} {[%emt 00:03:29]} Nxc3 {[%clk 01:23:13]} {[%emt
00:00:23]} 11. Bxc3 {[%clk 01:19:07]} {[%emt 00:00:03]} Be6 {[%clk 01:23:31]}
{[%emt 00:00:12]} 12. cxd5 {[%clk 01:15:51]} {[%emt 00:03:47]} cxd5 {[%clk
01:23:25]} {[%emt 00:00:35]} 13. Qd3 {[%clk 01:15:23]} {[%emt 00:00:58]} Qb6
{[%clk 01:20:02]} {[%emt 00:03:54]} 14. e3 {[%clk 01:13:09]} {[%emt 00:02:44]}
Nb4 {[%clk 01:17:38]} {[%emt 00:02:54]} 15. Qd2 {[%clk 01:13:25]} {[%emt
00:00:14]} a5 {[%clk 01:17:52]} {[%emt 00:00:16]} 16. f4 {[%clk 01:12:34]}
{[%emt 00:01:21]} f6 {[%clk 01:12:27]} {[%emt 00:05:54]} 17. f5 {[%clk
01:11:42]} {[%emt 00:01:23]} Bf7 {[%clk 01:12:48]} {[%emt 00:00:09]} 18. a3
{[%clk 01:03:35]} {[%emt 00:08:39]} Nc6 {[%clk 01:13:04]} {[%emt 00:00:13]} 19.
fxg6 {[%clk 00:59:51]} {[%emt 00:04:14]} hxg6 {[%clk 01:13:23]} {[%emt
00:00:10]} 20. Qd3 {[%clk 01:00:00]} {[%emt 00:00:21]} f5 {[%clk 01:08:46]}
{[%emt 00:05:06]} 21. g4 {[%clk 00:49:46]} {[%emt 00:10:45]} e6 {[%clk
01:05:20]} {[%emt 00:03:56]} 22. gxf5 {[%clk 00:44:42]} {[%emt 00:05:34]} gxf5
{[%clk 01:05:10]} {[%emt 00:00:39]} 23. Kh1 {[%clk 00:43:59]} {[%emt 00:01:13]}
Qd8 {[%clk 00:44:20]} {[%emt 00:21:21]} 24. Be1 {[%clk 00:40:51]} {[%emt
00:03:38]} Bf6 {[%clk 00:34:57]} {[%emt 00:09:52]} 25. Nf3 {[%clk 00:37:50]}
{[%emt 00:03:31]} Bh5 {[%clk 00:34:50]} {[%emt 00:00:37]} 26. Bg3 {[%clk
00:35:39]} {[%emt 00:02:42]} Rf7 {[%clk 00:34:02]} {[%emt 00:01:18]} 27. Rg1
{[%clk 00:34:11]} {[%emt 00:01:58]} Kh8 {[%clk 00:33:31]} {[%emt 00:01:01]} 28.
Qd1 {[%clk 00:32:50]} {[%emt 00:01:52]} Qe7 {[%clk 00:32:47]} {[%emt 00:01:14]}
29. Bf1 {[%clk 00:30:43]} {[%emt 00:02:37]} Rg8 {[%clk 00:30:44]} {[%emt
00:02:32]} 30. Be2 {[%clk 00:30:28]} {[%emt 00:00:44]} Rfg7 {[%clk 00:28:30]}
{[%emt 00:02:44]} 31. Qf1 {[%clk 00:26:58]} {[%emt 00:04:01]} Bg4 {[%clk
00:24:53]} {[%emt 00:04:07]} 32. Qf2 {[%clk 00:26:09]} {[%emt 00:01:19]} Rg6
{[%clk 00:19:43]} {[%emt 00:05:39]} 33. Bb5 {[%clk 00:16:43]} {[%emt 00:09:57]}
R8g7 {[%clk 00:17:36]} {[%emt 00:02:37]} 34. Rac1 {[%clk 00:16:03]} {[%emt
00:01:10]} Qxa3 {[%clk 00:10:53]} {[%emt 00:07:13]} 35. Bxc6 {[%clk 00:16:17]}
{[%emt 00:00:16]} bxc6 {[%clk 00:08:52]} {[%emt 00:02:31]} 36. Ne5 {[%clk
00:15:51]} {[%emt 00:00:56]} Rh6 {[%clk 00:08:17]} {[%emt 00:01:04]} 37. Rxc6
{[%clk 00:15:45]} {[%emt 00:00:37]} Be7 {[%clk 00:07:02]} {[%emt 00:01:45]} 38.
Nxg4 {[%clk 00:14:00]} {[%emt 00:02:15]} Rxg4 {[%clk 00:07:22]} {[%emt
00:00:09]} 39. Be5+ {[%clk 00:10:31]} {[%emt 00:04:00]} Kg8 {[%clk 00:07:41]}
{[%emt 00:00:10]} 40. Rxg4+ {[%clk 00:05:16]} {[%emt 00:05:46]} fxg4 {[%clk
00:08:08]} {[%emt 00:00:02]} 41. Rc8+ {[%clk 00:04:21]} {[%emt 00:01:26]} Bf8
{[%clk 00:08:35]} {[%emt 00:00:03]} 42. Rc7 {[%clk 00:04:34]} {[%emt 00:00:17]}
Be7 {[%clk 00:08:35]} {[%emt 00:00:28]} 43. Qg1 {[%clk 00:02:53]} {[%emt
00:02:11]} Rg6 {[%clk 00:07:07]} {[%emt 00:01:58]} 44. Qb1 {[%clk 00:03:13]}
{[%emt 00:00:11]} Rh6 {[%clk 00:05:58]} {[%emt 00:01:38]} 45. Bf4 {[%clk
00:02:42]} {[%emt 00:01:02]} Rf6 {[%clk 00:04:14]} {[%emt 00:02:14]} 46. Bg5
{[%clk 00:02:46]} {[%emt 00:00:26]} 1-0

[Event "Icelandic Team Championship 2021"]
[Site "Reykjavik"]
[Date "2021.10.01"]
[Round "2.18"]
[White "Thorfinnsson, Bjorn"]
[Black "Gretarsson, Helgi Ass"]
[Result "0-1"]
[WhiteElo "2386"]
[BlackElo "2447"]

1. d4 {[%clk 01:30:55]} {[%emt 00:00:03]} g6 {[%clk 01:30:56]} {[%emt
00:00:05]} 2. Nf3 {[%clk 01:30:32]} {[%emt 00:00:54]} Bg7 {[%clk 01:31:21]}
{[%emt 00:00:05]} 3. g3 {[%clk 01:30:40]} {[%emt 00:00:21]} d5 {[%clk
01:23:23]} {[%emt 00:08:27]} 4. Bg2 {[%clk 01:26:16]} {[%emt 00:04:54]} Nc6
{[%clk 01:23:18]} {[%emt 00:00:35]} 5. c4 {[%clk 01:23:17]} {[%emt 00:03:30]}
e6 {[%clk 01:22:16]} {[%emt 00:01:31]} 6. e3 {[%clk 01:22:32]} {[%emt
00:01:15]} Nge7 {[%emt 00:01:32]} 7. O-O {[%clk 01:22:16]} {[%emt 00:00:01]}
O-O {[%clk 01:22:08]} {[%emt 00:00:21]} 8. Nbd2 {[%clk 01:15:26]} {[%emt
00:07:20]} b6 {[%clk 01:19:20]} {[%emt 00:03:18]} 9. b3 {[%clk 01:07:37]}
{[%emt 00:08:19]} a5 {[%clk 01:19:40]} {[%emt 00:00:10]} 10. Bb2 {[%clk
01:06:43]} {[%emt 00:01:24]} Ba6 {[%clk 01:19:58]} {[%emt 00:00:12]} 11. e4
{[%clk 01:03:05]} {[%emt 00:04:08]} dxe4 {[%clk 01:13:32]} {[%emt 00:06:57]} 12.
Nxe4 {[%clk 01:02:31]} {[%emt 00:01:04]} Nf5 {[%clk 01:13:53]} {[%emt
00:00:08]} 13. Qb1 {[%clk 00:57:44]} {[%emt 00:05:16]} Ncxd4 {[%clk 01:13:11]}
{[%emt 00:01:13]} 14. Rd1 {[%clk 00:57:39]} {[%emt 00:00:36]} c5 {[%clk
01:13:34]} {[%emt 00:00:07]} 15. Nc3 {[%clk 00:56:12]} {[%emt 00:01:57]} Ra7
{[%clk 01:11:13]} {[%emt 00:02:50]} 16. Nb5 {[%clk 00:54:45]} {[%emt 00:01:59]}
Bxb5 {[%clk 01:09:47]} {[%emt 00:01:56]} 17. cxb5 {[%clk 00:54:50]} {[%emt
00:00:24]} Rd7 {[%clk 01:10:05]} {[%emt 00:00:11]} 18. Nxd4 {[%clk 00:52:26]}
{[%emt 00:02:55]} Bxd4 {[%clk 01:06:22]} {[%emt 00:04:13]} 19. Bxd4 {[%clk
00:51:43]} {[%emt 00:01:14]} Nxd4 {[%clk 01:06:44]} {[%emt 00:00:07]} 20. Qd3
{[%clk 00:50:33]} {[%emt 00:01:40]} Rd6 {[%clk 01:00:49]} {[%emt 00:06:26]} 21.
Rdb1 {[%clk 00:48:48]} {[%emt 00:02:15]} Qd7 {[%clk 00:57:49]} {[%emt
00:03:29]} 22. Bf1 {[%clk 00:49:06]} {[%emt 00:00:13]} e5 {[%clk 00:54:25]}
{[%emt 00:03:52]} 23. a3 {[%clk 00:49:04]} {[%emt 00:00:34]} Re8 {[%clk
00:42:23]} {[%emt 00:12:32]} 24. b4 {[%clk 00:46:12]} {[%emt 00:03:23]} e4
{[%clk 00:42:43]} {[%emt 00:00:10]} 25. Qc3 {[%clk 00:45:14]} {[%emt 00:01:26]}
cxb4 {[%clk 00:43:05]} {[%emt 00:00:10]} 26. axb4 {[%clk 00:45:27]} {[%emt
00:00:16]} Rc8 {[%clk 00:43:28]} {[%emt 00:00:08]} 27. Qb2 {[%clk 00:41:40]}
{[%emt 00:04:17]} Rc2 {[%clk 00:42:10]} {[%emt 00:01:47]} 28. Qa3 {[%clk
00:42:07]} {[%emt 00:00:04]} Nf3+ {[%clk 00:42:08]} {[%emt 00:00:32]} 29. Kg2
{[%clk 00:42:32]} {[%emt 00:00:05]} Rdd2 {[%clk 00:42:05]} {[%emt 00:00:32]} 30.
Qe3 {[%clk 00:42:52]} {[%emt 00:00:10]} Rxf2+ {[%clk 00:42:23]} {[%emt
00:00:12]} 31. Qxf2 {[%clk 00:43:16]} {[%emt 00:00:07]} Rxf2+ {[%clk 00:42:48]}
{[%emt 00:00:05]} 32. Kxf2 {[%clk 00:43:40]} {[%emt 00:00:05]} Qd4+ {[%clk
00:42:30]} {[%emt 00:00:48]} 0-1

[Event "Icelandic Team Championship 2021"]
[Site "Reykjavik"]
[Date "2021.10.01"]
[Round "2.19"]
[White "Sulypa, Oleksandr"]
[Black "Gunnarsson, Jon Viktor"]
[Result "1-0"]
[WhiteElo "2455"]
[BlackElo "2436"]

1. c4 {[%clk 01:30:58]} {[%emt 00:00:01]} c5 {[%clk 01:30:36]} {[%emt
00:00:24]} 2. Nf3 {[%clk 01:31:12]} {[%emt 00:00:16]} Nf6 {[%clk 01:28:57]}
{[%emt 00:02:08]} 3. Nc3 {[%clk 01:30:24]} {[%emt 00:01:18]} g6 {[%clk
01:28:00]} {[%emt 00:01:26]} 4. d4 {[%clk 01:30:00]} {[%emt 00:00:55]} cxd4
{[%clk 01:27:11]} {[%emt 00:01:20]} 5. Nxd4 {[%clk 01:30:24]} {[%emt 00:00:05]}
Nc6 {[%clk 01:26:29]} {[%emt 00:01:11]} 6. e4 {[%clk 01:30:40]} {[%emt
00:00:14]} Nxd4 {[%clk 01:26:17]} {[%emt 00:00:42]} 7. Qxd4 {[%clk 01:31:05]}
{[%emt 00:00:06]} d6 {[%clk 01:26:27]} {[%emt 00:00:20]} 8. Bg5 {[%clk
01:29:57]} {[%emt 00:01:38]} Bg7 {[%clk 01:26:24]} {[%emt 00:00:32]} 9. Qd2
{[%clk 01:20:47]} {[%emt 00:09:40]} O-O {[%clk 01:12:46]} {[%emt 00:14:09]} 10.
f3 {[%clk 01:16:54]} {[%emt 00:04:23]} Be6 {[%clk 01:06:29]} {[%emt 00:06:47]}
11. Rc1 {[%clk 01:15:52]} {[%emt 00:01:32]} a6 {[%clk 01:04:24]} {[%emt
00:02:35]} 12. b3 {[%clk 01:11:49]} {[%emt 00:04:33]} Qa5 {[%clk 01:01:00]}
{[%emt 00:03:54]} 13. Be2 {[%clk 01:05:55]} {[%emt 00:06:24]} Rfc8 {[%clk
00:59:35]} {[%emt 00:01:55]} 14. Na4 {[%clk 01:04:13]} {[%emt 00:02:12]} Qxd2+
{[%clk 00:54:54]} {[%emt 00:05:11]} 15. Kxd2 {[%clk 01:04:33]} {[%emt
00:00:11]} Nd7 {[%clk 00:53:58]} {[%emt 00:01:25]} 16. g4 {[%clk 01:04:07]}
{[%emt 00:00:56]} Rc6 {[%clk 00:48:31]} {[%emt 00:05:57]} 17. Nc3 {[%clk
00:57:18]} {[%emt 00:07:20]} Bf6 {[%clk 00:39:49]} {[%emt 00:09:12]} 18. h4
{[%clk 00:50:48]} {[%emt 00:07:00]} Kg7 {[%clk 00:37:24]} {[%emt 00:02:54]} 19.
Be3 {[%clk 00:36:08]} {[%emt 00:15:10]} b5 {[%clk 00:32:10]} {[%emt 00:05:45]}
20. f4 {[%clk 00:33:11]} {[%emt 00:03:27]} bxc4 {[%clk 00:16:17]} {[%emt
00:16:23]} 21. f5 {[%clk 00:20:04]} {[%emt 00:13:37]} cxb3 {[%clk 00:15:51]}
{[%emt 00:00:57]} 22. fxe6 {[%clk 00:20:20]} {[%emt 00:00:14]} b2 {[%clk
00:13:56]} {[%emt 00:02:25]} 23. exd7 {[%clk 00:15:31]} {[%emt 00:05:19]}
bxc1=Q+ {[%clk 00:13:58]} {[%emt 00:00:28]} 24. Rxc1 {[%clk 00:15:54]} {[%emt
00:00:06]} Bxh4 {[%clk 00:13:41]} {[%emt 00:00:48]} 25. Na4 {[%clk 00:09:59]}
{[%emt 00:06:26]} Rxc1 {[%clk 00:13:38]} {[%emt 00:00:33]} 26. Kxc1 {[%clk
00:10:28]} {[%emt 00:00:01]} e6 {[%clk 00:12:32]} {[%emt 00:01:35]} 27. Nb6
{[%clk 00:08:24]} {[%emt 00:02:33]} Rd8 {[%clk 00:10:17]} {[%emt 00:02:45]} 28.
Bxa6 {[%clk 00:08:46]} {[%emt 00:00:09]} h5 {[%clk 00:10:19]} {[%emt 00:00:29]}
29. gxh5 {[%clk 00:09:01]} {[%emt 00:00:14]} gxh5 {[%clk 00:10:45]} {[%emt
00:00:04]} 30. Kd2 {[%clk 00:06:33]} {[%emt 00:02:58]} Bf6 {[%clk 00:10:02]}
{[%emt 00:01:13]} 31. Bf1 {[%clk 00:06:02]} {[%emt 00:01:01]} d5 {[%clk
00:01:15]} {[%emt 00:09:17]} 32. exd5 {[%clk 00:05:46]} {[%emt 00:00:46]} exd5
{[%clk 00:01:44]} 33. a4 {[%clk 00:04:54]} {[%emt 00:01:23]} Be5 {[%clk
00:01:51]} {[%emt 00:00:23]} 34. a5 {[%clk 00:04:45]} {[%emt 00:00:39]} d4
{[%clk 00:02:02]} {[%emt 00:00:19]} 35. Bf2 {[%clk 00:04:58]} {[%emt 00:00:16]}
Kf8 {[%clk 00:01:20]} {[%emt 00:01:12]} 36. Bh3 {[%clk 00:04:33]} {[%emt
00:00:56]} Rb8 {[%clk 00:01:06]} {[%emt 00:00:44]} 37. Kd3 {[%clk 00:03:52]}
{[%emt 00:01:11]} 1-0

[Event "Icelandic Team Championship 2021"]
[Site "Reykjavik"]
[Date "2021.10.01"]
[Round "2.20"]
[White "Kjartansson, David"]
[Black "Thorhallsson, Throstur"]
[Result "0-1"]
[WhiteElo "2326"]
[BlackElo "2407"]

1. d4 {[%clk 01:30:56]} {[%emt 00:00:03]} Nf6 {[%clk 01:30:44]} {[%emt
00:00:17]} 2. c4 {[%clk 01:31:12]} {[%emt 00:00:14]} e6 {[%clk 01:31:04]}
{[%emt 00:00:09]} 3. Nf3 {[%clk 01:31:34]} {[%emt 00:00:08]} d5 {[%clk
01:31:26]} {[%emt 00:00:07]} 4. g3 {[%clk 01:31:20]} {[%emt 00:00:45]} Be7
{[%clk 01:31:19]} {[%emt 00:00:37]} 5. Bg2 {[%clk 01:31:41]} {[%emt 00:00:09]}
O-O {[%clk 01:31:13]} {[%emt 00:00:36]} 6. O-O {[%clk 01:31:59]} {[%emt
00:00:12]} a6 {[%clk 01:30:30]} {[%emt 00:01:13]} 7. Qc2 {[%clk 01:30:57]}
{[%emt 00:01:32]} dxc4 {[%clk 01:29:16]} {[%emt 00:01:44]} 8. Qxc4 {[%clk
01:31:18]} {[%emt 00:00:09]} b5 {[%clk 01:28:41]} {[%emt 00:01:04]} 9. Qc2
{[%clk 01:30:38]} {[%emt 00:01:11]} Bb7 {[%clk 01:28:52]} {[%emt 00:00:19]} 10.
Bf4 {[%clk 01:28:37]} {[%emt 00:02:31]} Nd5 {[%clk 01:27:41]} {[%emt 00:01:42]}
11. Nbd2 {[%clk 01:28:04]} {[%emt 00:01:02]} Nd7 {[%clk 01:24:49]} {[%emt
00:03:22]} 12. Nb3 {[%clk 01:28:14]} {[%emt 00:00:21]} Nxf4 {[%clk 01:20:06]}
{[%emt 00:05:13]} 13. gxf4 {[%clk 01:28:35]} {[%emt 00:00:08]} Nf6 {[%clk
01:15:35]} {[%emt 00:05:01]} 14. Ne5 {[%clk 01:18:24]} {[%emt 00:10:41]} Bxg2
{[%clk 01:14:20]} {[%emt 00:01:45]} 15. Kxg2 {[%clk 01:18:51]} {[%emt
00:00:02]} Nd5 {[%clk 01:12:42]} {[%emt 00:02:08]} 16. e3 {[%clk 01:18:31]}
{[%emt 00:00:50]} Bd6 {[%clk 01:11:16]} {[%emt 00:01:56]} 17. Kh1 {[%clk
01:13:02]} {[%emt 00:05:58]} f6 {[%clk 01:07:17]} {[%emt 00:04:30]} 18. Nf3
{[%clk 01:09:52]} {[%emt 00:03:40]} Qe8 {[%clk 01:06:21]} {[%emt 00:01:26]} 19.
Rg1 {[%clk 01:08:59]} {[%emt 00:01:23]} Qh5 {[%clk 01:03:30]} {[%emt 00:03:21]}
20. Rg3 {[%clk 01:07:15]} {[%emt 00:02:14]} Kh8 {[%clk 01:00:23]} {[%emt
00:03:38]} 21. Nc5 {[%clk 00:59:10]} {[%emt 00:08:35]} Rae8 {[%clk 00:56:41]}
{[%emt 00:04:12]} 22. Ng1 {[%clk 00:51:11]} {[%emt 00:08:28]} Nb4 {[%clk
00:52:30]} {[%emt 00:04:42]} 23. Qc3 {[%clk 00:39:41]} {[%emt 00:11:59]} Bxc5
{[%clk 00:49:52]} {[%emt 00:03:08]} 24. dxc5 {[%clk 00:39:03]} {[%emt
00:01:08]} Qd5+ {[%clk 00:49:07]} {[%emt 00:01:15]} 25. f3 {[%clk 00:37:57]}
{[%emt 00:01:37]} Nc6 {[%clk 00:47:34]} {[%emt 00:02:02]} 26. Ne2 {[%clk
00:32:49]} {[%emt 00:05:38]} Rd8 {[%clk 00:45:48]} {[%emt 00:02:16]} 27. Rag1
{[%clk 00:32:30]} {[%emt 00:00:48]} Rf7 {[%clk 00:44:36]} {[%emt 00:01:43]} 28.
Qe1 {[%clk 00:16:00]} {[%emt 00:17:01]} Qxc5 {[%clk 00:41:57]} {[%emt
00:03:08]} 29. Nc3 {[%clk 00:16:16]} {[%emt 00:00:13]} Rd3 {[%clk 00:34:38]}
{[%emt 00:07:49]} 30. e4 {[%clk 00:11:27]} {[%emt 00:05:19]} b4 {[%clk
00:28:41]} {[%emt 00:06:27]} 31. Na4 {[%clk 00:11:02]} {[%emt 00:00:54]} Qc2
{[%clk 00:25:01]} {[%emt 00:04:11]} 32. b3 {[%clk 00:10:44]} {[%emt 00:00:48]}
Rfd7 {[%clk 00:20:52]} {[%emt 00:04:39]} 33. R3g2 {[%clk 00:10:43]} {[%emt
00:00:31]} Rd2 {[%clk 00:19:55]} {[%emt 00:01:27]} 34. Rxd2 {[%clk 00:10:41]}
{[%emt 00:00:32]} Rxd2 {[%clk 00:18:21]} {[%emt 00:02:04]} 35. Qh4 {[%clk
00:09:37]} {[%emt 00:01:34]} Rd1 {[%clk 00:13:05]} {[%emt 00:05:47]} 36. Qh5
{[%clk 00:06:37]} {[%emt 00:03:30]} Rxg1+ {[%clk 00:12:45]} {[%emt 00:00:50]}
37. Kxg1 {[%clk 00:07:04]} {[%emt 00:00:02]} h6 {[%clk 00:12:14]} {[%emt
00:01:02]} 38. Qc5 {[%clk 00:05:10]} {[%emt 00:02:23]} Qd1+ {[%clk 00:12:20]}
{[%emt 00:00:24]} 39. Kg2 {[%clk 00:05:11]} {[%emt 00:00:29]} Nd4 {[%clk
00:12:32]} {[%emt 00:00:17]} 0-1

[Event "Icelandic Team Championship 2021"]
[Site "Reykjavik"]
[Date "2021.10.01"]
[Round "2.21"]
[White "Thorsteins, Karl"]
[Black "Bjornsson, Tomas"]
[Result "1-0"]
[WhiteElo "2401"]
[BlackElo "2175"]

1. Nf3 {[%clk 01:30:53]} {[%emt 00:00:05]} d5 {[%clk 01:30:49]} {[%emt
00:00:11]} 2. c4 {[%clk 01:31:09]} {[%emt 00:00:14]} c6 {[%clk 01:30:54]}
{[%emt 00:00:26]} 3. b3 {[%clk 01:31:24]} {[%emt 00:00:15]} Nf6 {[%clk
01:30:57]} {[%emt 00:00:27]} 4. Bb2 {[%clk 01:31:42]} {[%emt 00:00:12]} e6
{[%clk 01:30:49]} {[%emt 00:00:39]} 5. e3 {[%clk 01:30:01]} {[%emt 00:02:10]}
Be7 {[%clk 01:30:44]} {[%emt 00:00:36]} 6. Be2 {[%clk 01:30:24]} {[%emt
00:00:07]} O-O {[%clk 01:31:04]} {[%emt 00:00:10]} 7. O-O {[%clk 01:30:49]}
{[%emt 00:00:05]} Nbd7 {[%clk 01:31:13]} {[%emt 00:00:21]} 8. d4 {[%clk
01:25:03]} {[%emt 00:06:15]} b6 {[%clk 01:28:08]} {[%emt 00:03:35]} 9. Nc3
{[%clk 01:25:24]} {[%emt 00:00:08]} Bb7 {[%clk 01:28:21]} {[%emt 00:00:18]} 10.
Qc2 {[%clk 01:25:36]} {[%emt 00:00:18]} Rc8 {[%clk 01:24:02]} {[%emt 00:04:50]}
11. e4 {[%clk 01:19:24]} {[%emt 00:06:42]} dxe4 {[%clk 01:21:42]} {[%emt
00:02:50]} 12. Nxe4 {[%clk 01:19:46]} {[%emt 00:00:07]} c5 {[%clk 01:16:53]}
{[%emt 00:05:20]} 13. Nxf6+ {[%clk 01:10:25]} {[%emt 00:09:51]} Bxf6 {[%clk
01:15:26]} {[%emt 00:01:56]} 14. Rad1 {[%clk 01:08:47]} {[%emt 00:02:08]} Bxf3
{[%clk 01:09:07]} {[%emt 00:06:50]} 15. Bxf3 {[%clk 01:08:44]} {[%emt
00:00:32]} cxd4 {[%clk 01:09:15]} {[%emt 00:00:23]} 16. Bxd4 {[%clk 01:08:46]}
{[%emt 00:00:27]} Qc7 {[%clk 01:08:33]} {[%emt 00:01:12]} 17. Be3 {[%clk
01:05:17]} {[%emt 00:04:00]} Rfd8 {[%clk 01:07:02]} {[%emt 00:02:01]} 18. Be2
{[%clk 00:48:57]} {[%emt 00:16:50]} Ne5 {[%clk 00:58:32]} {[%emt 00:09:00]} 19.
Qe4 {[%clk 00:44:53]} {[%emt 00:04:33]} Qc6 {[%clk 00:51:46]} {[%emt 00:07:16]}
20. Qb1 {[%clk 00:45:14]} {[%emt 00:00:09]} Qc7 {[%clk 00:50:29]} {[%emt
00:01:48]} 21. Rxd8+ {[%clk 00:44:28]} {[%emt 00:01:17]} Rxd8 {[%clk 00:50:46]}
{[%emt 00:00:13]} 22. Rd1 {[%clk 00:44:52]} {[%emt 00:00:06]} h6 {[%clk
00:40:03]} {[%emt 00:11:13]} 23. h3 {[%clk 00:38:58]} {[%emt 00:06:23]} Rxd1+
{[%clk 00:33:01]} {[%emt 00:07:32]} 24. Bxd1 {[%clk 00:36:52]} {[%emt
00:02:36]} Qd6 {[%clk 00:31:02]} {[%emt 00:02:30]} 25. Be2 {[%clk 00:36:43]}
{[%emt 00:00:38]} Qa3 {[%clk 00:26:47]} {[%emt 00:04:45]} 26. Qc2 {[%clk
00:26:18]} {[%emt 00:10:55]} Nc6 {[%clk 00:17:54]} {[%emt 00:09:24]} 27. c5
{[%clk 00:14:09]} {[%emt 00:12:39]} bxc5 {[%clk 00:17:51]} {[%emt 00:00:33]} 28.
Qxc5 {[%clk 00:14:25]} {[%emt 00:00:14]} Qxc5 {[%clk 00:13:32]} {[%emt
00:04:49]} 29. Bxc5 {[%clk 00:14:49]} {[%emt 00:00:06]} Bd4 {[%clk 00:12:37]}
{[%emt 00:01:25]} 30. Ba3 {[%clk 00:14:00]} {[%emt 00:01:18]} a5 {[%clk
00:10:35]} {[%emt 00:02:33]} 31. Bc1 {[%clk 00:13:44]} {[%emt 00:00:45]} Bc3
{[%clk 00:09:49]} {[%emt 00:01:15]} 32. a3 {[%clk 00:13:03]} {[%emt 00:01:12]}
Nd4 {[%clk 00:09:24]} {[%emt 00:00:54]} 33. Bc4 {[%clk 00:13:12]} {[%emt
00:00:22]} e5 {[%clk 00:07:44]} {[%emt 00:02:10]} 34. f4 {[%clk 00:12:48]}
{[%emt 00:00:53]} exf4 {[%clk 00:04:31]} {[%emt 00:03:44]} 35. Bxf4 {[%clk
00:13:09]} {[%emt 00:00:09]} g5 {[%clk 00:04:15]} {[%emt 00:00:46]} 36. Bd6
{[%clk 00:12:57]} {[%emt 00:00:42]} Nf5 {[%clk 00:03:05]} {[%emt 00:01:41]} 37.
Bc5 {[%clk 00:11:51]} {[%emt 00:01:37]} Bd4+ {[%clk 00:03:02]} {[%emt
00:00:32]} 38. Bxd4 {[%clk 00:12:14]} {[%emt 00:00:07]} Nxd4 {[%clk 00:03:28]}
{[%emt 00:00:04]} 39. Kf2 {[%clk 00:12:15]} {[%emt 00:00:28]} Kf8 {[%clk
00:03:06]} {[%emt 00:00:53]} 40. Ke3 {[%clk 00:11:22]} {[%emt 00:01:23]} Nc2+
{[%clk 00:02:21]} {[%emt 00:01:15]} 41. Kd2 {[%clk 00:11:32]} {[%emt 00:00:21]}
Nd4 {[%clk 00:02:40]} {[%emt 00:00:11]} 42. Kd3 {[%clk 00:11:40]} {[%emt
00:00:21]} Nc6 {[%clk 00:00:52]} {[%emt 00:02:18]} 43. Bd5 {[%clk 00:10:25]}
{[%emt 00:01:45]} Ne5+ {[%clk 00:00:36]} {[%emt 00:00:47]} 44. Kd4 {[%clk
00:10:17]} {[%emt 00:00:37]} Nd7 {[%clk 00:00:58]} {[%emt 00:00:08]} 45. Bc6
{[%clk 00:09:25]} {[%emt 00:01:22]} Nb6 {[%clk 00:01:00]} {[%emt 00:00:29]} 46.
Kc5 {[%clk 00:09:26]} {[%emt 00:00:28]} Nc8 {[%clk 00:01:27]} {[%emt 00:00:03]}
47. Bb7 {[%clk 00:05:30]} {[%emt 00:04:27]} Ne7 {[%clk 00:01:49]} {[%emt
00:00:07]} 48. Kb6 {[%clk 00:05:54]} {[%emt 00:00:06]} Ke8 {[%clk 00:02:00]}
{[%emt 00:00:19]} 49. Kxa5 {[%clk 00:06:14]} {[%emt 00:00:09]} Kd7 {[%clk
00:02:22]} {[%emt 00:00:09]} 50. Kb6 {[%clk 00:06:40]} {[%emt 00:00:04]} Nf5
{[%clk 00:02:38]} {[%emt 00:00:15]} 51. a4 {[%clk 00:06:59]} {[%emt 00:00:10]}
1-0